000 00890nam a2200265 a 4500
001 BRCA_4729
005 20190320204800.0
008 061010s1943----mx-ac#####---#000-0#spa-#
041 _aspa
044 _amx
050 4 _aF1231.R6
_b.R66 1 1943
100 1 _aRomero de Terreros y Vinent, Manuel
_cMarqués de San Francisco
_d1880-1968
_9903
245 1 0 _aEl conde de Regla, Creso de la Nueva España
_cpor Manuel Romero de Terreros.
260 _aMéxico
_bXochitl
_c1943
300 _a175 p.
_bil., retratos
_c19 cm.
440 0 _aVidas mexicanas
_v9
_911987
500 _aEstado físico: Hojas desprendidas
500 _aEjemplar igual a F58
500 _aCFG47
504 _aBibliografía: p. 179-182
600 1 4 _aRomero de Terreros, Pedro
_cConde de Regla
_d1710-1781
_911988
651 4 _aMéxico
_xHistoria
_yPeríodo colonial, 1540-1810
_94206
902 _aGFM
942 _2lcc
_cB
999 _c4427
_d4427